00210nam a22000977a 4500003000400000082001300004100002500017245003100042260003100073300000800104SGT a688bGOY aGOYAL, SANDEEP KUMAR aTHE BIG BOOK OF PACKAGING  aUSAbPACKAGING PUB. c2016 a504